| 000 | 01075nam a2200337 a 4500 | ||
|---|---|---|---|
| 001 | |||
| 003 | DO-SdBNP | ||
| 005 | 20220921102922.0 | ||
| 008 | 090701s2007 ve 1 0 spa d | ||
| 020 | _a9801205660 | ||
| 040 |
_aBPMSU _bspa _cBPMSU |
||
| 082 | 4 |
_a621.7 _bM538i 2007 _222 |
|
| 100 | 1 | _aMéndez Herrera, Freddy | |
| 245 | 1 | 0 |
_aIngeniería industrial : _buna ingeniería de servicio / _c Freddy Méndez Herrera |
| 250 | _a2a. ed. | ||
| 260 | 0 |
_aTáchira, Venezuela : _bDecanato de Ingenieria, _c2007 |
|
| 300 |
_a446 p. : _bil. ; _c27 cm. |
||
| 500 | _aIncluye datos biográficos del autor en la solapa de la cubierta | ||
| 590 | _6Inventariado, 2022/VM | ||
| 650 | 4 | _aIngeniería industrial | |
| 650 | 4 |
_a Ingeniería industrial _xEnseñanza superior |
|
| 650 | 4 |
_aTecnología _xIngeniería industrial |
|
| 910 | _aVMateo V./Validado. | ||
| 930 | 1 |
_l _m _h _8 _f _p _g |
|
| 930 | 1 |
_l _m _h _8 _f _p _g _h |
|
| 930 | 1 |
_l _m _h _8 _f _p _g _h |
|
| 942 |
_2ddc _cBK |
||
| 956 |
_a _b _c _l _h |
||
| 956 |
_a _b _c _l _h |
||
| 956 |
_a _b _c _l _h |
||
| 999 |
_c14273 _d14273 |
||